| 000 | 00457nam a2200181Ia 4500 | ||
|---|---|---|---|
| 008 | 230524s9999 xx 000 0 und d | ||
| 020 | _a9789381141861 | ||
| 082 |
_a658.8 _bRAM |
||
| 100 |
_aS.Ramesh _942981 |
||
| 245 | 0 | _aMarketing Management | |
| 250 | _a1 | ||
| 260 |
_aNew Delhi _bI.K.International _c2012 |
||
| 300 | _a"XV,759p;" | ||
| 500 | _aQuantity Number: 1 | ||
| 650 | _aManagement | ||
| 700 |
_a C.S. Jayanthi Prasad _942982 |
||
| 942 | _cBK | ||
| 999 |
_c57932 _d57932 |
||